ბათუმის შოთა რუსთაველის სახელმწიფო უნივერსიტეტის ბიბლიოთეკა

თანამედროვე ზოგადი და მათემატიკური ენათმეცნიერების საკითხები (ბიბ.ჩანაწერი № 51062)

000 -LEADER
fixed length control field 01253nam a2200253Ia 4500
001 - CONTROL NUMBER
control field 18019
003 - CONTROL NUMBER IDENTIFIER
control field GE_BSU
008 - FIXED-LENGTH DATA ELEMENTS--GENERAL INFORMATION
fixed length control field 181216s||||||||xx |||||||||||||| ||und||
040 ## - CATALOGING SOURCE
Transcribing agency GE_BSU
080 ## - UNIVERSAL DECIMAL CLASSIFICATION NUMBER
Universal Decimal Classification number 81'1
245 ## - TITLE STATEMENT
Title თანამედროვე ზოგადი და მათემატიკური ენათმეცნიერების საკითხები
245 ## - TITLE STATEMENT
Remainder of title სტატიების კრებული
245 ## - TITLE STATEMENT
Statement of responsibility, etc. რედ. თ. შარაძენიძე
250 ## - EDITION STATEMENT
Edition statement საქ. სსრ მეცნ. აკად. ენთმეცნიერების ინსტიტუტი
260 ## - PUBLICATION, DISTRIBUTION, ETC.
Place of publication, distribution, etc. თბილისი
260 ## - PUBLICATION, DISTRIBUTION, ETC.
Name of publisher, distributor, etc. მეცნიერება
260 ## - PUBLICATION, DISTRIBUTION, ETC.
Date of publication, distribution, etc. 1974
300 ## - PHYSICAL DESCRIPTION
Extent 186 გვ.26სმ.
520 ## - SUMMARY, ETC.
Summary, etc. პარალ. ტექსტი და რეზ. რუს. ენ.
653 ## - INDEX TERM--UNCONTROLLED
Uncontrolled term ზოგადი ენათმეცნიერება
653 ## - INDEX TERM--UNCONTROLLED
Uncontrolled term თანამედროვე ზოგადი და მათემატიკური ენათმეცნიერების საკითხები
653 ## - INDEX TERM--UNCONTROLLED
Uncontrolled term მათემატიკური ენათმეცნიერება
942 ## - ADDED ENTRY ELEMENTS (KOHA)
Koha item type წიგნი
ეგზემპლარები
Withdrawn status Lost status Damaged status Not for loan Date acquired Barcode Date last seen Price effective from Koha item type
        2018-12-17 45961 2018-12-17 2018-12-17 წიგნი